000 00512nam a2200181Ia 4500
003 LK-CoDNM
008 010623t2005 xxu||||| |||| 00| 1 sin d
040 _aLK-CoDNM
_dLK-CoDNM
_eLK-CoDNM
041 _asin
080 _a929 SEN
100 _aSenanayake, Soma
245 _aලෝ සුපතල වනිතාවෝ - හෙලන් කෙලර්
246 _aLo supathala vanithawo : Helon Kelar
260 _bS.Godage
_aColombo
_c2005
300 _b18, 22 cm
650 _aBiography
942 _cBK
999 _c125065
_d125065